Modern industrial organization
Uloženo v:
| Hlavní autor: | |
|---|---|
| Médium: | Kniha |
| Jazyk: | Undetermined |
| Vydáno: |
New York
Pearson
2005
|
| Témata: | |
| Tagy: |
Přidat tag
Žádné tagy, Buďte první, kdo otaguje tento záznam!
|
| Thư viện lưu trữ: | Trung tâm Học liệu Trường Đại học Cần Thơ |
|---|
| LEADER | 00522nam a2200193Ia 4500 | ||
|---|---|---|---|
| 001 | CTU_93245 | ||
| 008 | 210402s9999 xx 000 0 und d | ||
| 020 | |c 59.50 | ||
| 082 | |a 338.6 | ||
| 082 | |b C285 | ||
| 100 | |a Carlton, Dennis W. | ||
| 245 | 0 | |a Modern industrial organization | |
| 245 | 0 | |c Dennis W. Carlton | |
| 260 | |a New York | ||
| 260 | |b Pearson | ||
| 260 | |c 2005 | ||
| 650 | |a Industrial organization (economic theory) | ||
| 904 | |i Trúc,Hải | ||
| 980 | |a Trung tâm Học liệu Trường Đại học Cần Thơ | ||